• 首页
  • 本馆介绍
  • 公告通知
  • 最新文献
  • 馆藏检索
  • 电子资源
  • 读者导购
  • 参考咨询
  • 我的图书馆
  • 登录
  • 详细信息显示
  • 放入我的书架
  • 预约/预借图书
  • 作者相关作品
  • 分类相关作品
  • 丛书相关作品
  • 出版社相关作品

书目信息

  • 表格格式
  • 工作单格式
  • 卡片格式
题名:
标准C程序设计
    
 
作者: 巴拉古路萨米 著 ;李周芳 译
分册:  
出版信息: 北京   清华大学出版社  2017.7
页数: 16,540页
开本: 26cm
丛书名:
单 册:
中图分类: TP312.8
科图分类:
主题词: C语言--程序设计--教材
电子资源:
ISBN: 978-7-302-47120-2
000 01108nam0 2200313 450
001 0400002640
005 20171021125726.0
010    @a978-7-302-47120-2@dCNY79.80
100    @a20170905e2017 em y0chiy50 ea
101 1  @achi@cinc
102    @aCN@b110000
105    @ay z 000yy
106    @ar
200 1  @a标准C程序设计@9biao zhun C cheng xu she ji@f(印)E. Balagurusamy著@g李周芳译
210    @a北京@c清华大学出版社@d2017.7
215    @a16,540页@d26cm
300    @a国外计算机科学经典教材
305    @a据原书第7版译出
306    @a由麦格劳-希尔(亚洲)教育出版公司和清华大学出版社有限公司合作出版
306    @a本书限中国大陆发行
312    @a版权页英文题名:Programming in ANSI C
330    @a本书解释了基本概念和高级内容,且主要关注编程基础。书中详尽地解释了数组、字符串、函数、指针和数据结构。
510 1  @aProgramming in ANSI C@zeng
606 0  @aC语言@x程序设计@j教材
690    @aTP312.8@v5
701  1 @c(印)@a巴拉古路萨米@9ba la gu lu sa mi@g(Balagurusamy, E.)@4著
702  0 @a李周芳@9li zhou fang@4译
801  0 @aCN@b91MARC@c20171021
905    @b1021813-7@dTP312.8@f5@e1103
    
    标准C程序设计/(印)E. Balagurusamy著/李周芳译.-北京:清华大学出版社,2017.7
    16,540页;26cm
    国外计算机科学经典教材
    
    ISBN 978-7-302-47120-2:CNY79.80
    本书解释了基本概念和高级内容,且主要关注编程基础。书中详尽地解释了数组、字符串、函数、指针和数据结构。
●
相关链接 在E读中查询图书 在五车中查询图书 在当当中查询图书 在豆瓣中查询图书


正题名:标准C程序设计     索取号:TP312.8/1103         预约/预借

序号 登录号 条形码 馆藏地/架位号 状态 备注
1 1021813   210218138   第二样本阅览室/ [索取号:TP312.8/1103] 在馆    
2 1021814   210218147   密集书库—计算机科学学院/ [索取号:TP312.8/1103] 在馆    
3 1021815   210218156   第三借阅区/ [索取号:TP312.8/1103] 在馆    
4 1021816   210218165   第三借阅区/ [索取号:TP312.8/1103] 在馆    
5 1021817   210218174   第三借阅区/ [索取号:TP312.8/1103] 在馆    
唐山师范学院图书馆 欢迎您!
大连网信软件有限公司© 版权所有